| 000 | 00388pab a2200157 454500 | ||
|---|---|---|---|
| 008 | 180718b2014 xxu||||| |||| 00| 0 eng d | ||
| 100 | _aThakur, O.C. | ||
| 245 | _aPerformance appraisal of a police station | ||
| 260 | _c2014 | ||
| 300 | _ap.62-70. | ||
| 362 | _aOct-Dec | ||
| 650 | _aPerformance appraisal | ||
| 650 | _aPolice | ||
| 773 | _aIndian Police Journal | ||
| 909 | _a108169 | ||
| 999 |
_c108164 _d108164 |
||